<?xml version="1.0" encoding="UTF-8"?>
<record
    xmlns:xsi="http://www.w3.org/2001/XMLSchema-instance"
    xsi:schemaLocation="http://www.loc.gov/MARC21/slim http://www.loc.gov/standards/marcxml/schema/MARC21slim.xsd"
    xmlns="http://www.loc.gov/MARC21/slim">

  <leader>00630nam a2200181Ia 4500</leader>
  <controlfield tag="008">090630s9999    xx            000 0 und d</controlfield>
  <datafield tag="082" ind1=" " ind2=" ">
    <subfield code="b">16744</subfield>
  </datafield>
  <datafield tag="100" ind1=" " ind2=" ">
    <subfield code="a">&#x92A;&#x947;&#x902;&#x921;&#x938;&#x947; &#x936;&#x94D;&#x930;&#x940;. &#x928;&#x93E;.</subfield>
  </datafield>
  <datafield tag="245" ind1=" " ind2=" ">
    <subfield code="a">&#x917;&#x93E;&#x930;&#x902;&#x92C;&#x940;&#x91A;&#x93E; &#x92C;&#x93E;&#x92A;&#x942;.</subfield>
    <subfield code="c">&#x92A;&#x947;&#x902;&#x921;&#x938;&#x947; &#x936;&#x94D;&#x930;&#x940;. &#x928;&#x93E;.</subfield>
  </datafield>
  <datafield tag="260" ind1=" " ind2=" ">
    <subfield code="b">&#x915;&#x949;&#x928;&#x94D;&#x91F;&#x940;&#x928;&#x947;&#x902;&#x91F;&#x932;.</subfield>
  </datafield>
  <datafield tag="300" ind1=" " ind2=" ">
    <subfield code="a">0</subfield>
  </datafield>
  <datafield tag="600" ind1=" " ind2=" ">
    <subfield code="a">&#x92A;&#x947;&#x902;&#x921;&#x938;&#x947; &#x936;&#x94D;&#x930;&#x940;. &#x928;&#x93E;.</subfield>
  </datafield>
  <datafield tag="630" ind1=" " ind2=" ">
    <subfield code="a">&#x917;&#x93E;&#x930;&#x902;&#x92C;&#x940;&#x91A;&#x93E; &#x92C;&#x93E;&#x92A;&#x942;.</subfield>
  </datafield>
  <datafield tag="655" ind1=" " ind2=" ">
    <subfield code="a">&#x928;&#x93E;&#x91F;&#x915;.</subfield>
  </datafield>
  <datafield tag="700" ind1=" " ind2=" ">
    <subfield code="a">&#x92A;&#x947;&#x902;&#x921;&#x938;&#x947; &#x936;&#x94D;&#x930;&#x940;. &#x928;&#x93E;.</subfield>
  </datafield>
  <datafield tag="730" ind1=" " ind2=" ">
    <subfield code="a">&#x917;&#x93E;&#x930;&#x902;&#x92C;&#x940;&#x91A;&#x93E; &#x92C;&#x93E;&#x92A;&#x942;.</subfield>
  </datafield>
  <datafield tag="942" ind1=" " ind2=" ">
    <subfield code="c">BOOK</subfield>
  </datafield>
  <datafield tag="999" ind1=" " ind2=" ">
    <subfield code="c">268600</subfield>
    <subfield code="d">268600</subfield>
  </datafield>
  <datafield tag="952" ind1=" " ind2=" ">
    <subfield code="0">0</subfield>
    <subfield code="1">0</subfield>
    <subfield code="4">0</subfield>
    <subfield code="7">0</subfield>
    <subfield code="a">SAWASHRI</subfield>
    <subfield code="b">SAWASHRI</subfield>
    <subfield code="d">0000-00-00</subfield>
    <subfield code="g">30.00</subfield>
    <subfield code="l">0</subfield>
    <subfield code="o">16744</subfield>
    <subfield code="p">SAWASHRI-16744</subfield>
    <subfield code="r">2009-06-30 00:00:00</subfield>
    <subfield code="v">30.00</subfield>
    <subfield code="w">2009-06-30</subfield>
    <subfield code="y">BOOK</subfield>
  </datafield>
</record>
